El hombre ilustrado /

Guardado en:
Detalles Bibliográficos
Autor principal: Bradbury, Ray (autor)
Formato: Libro
Idioma:Español
Publicado: México : Minotauro, 2023, c2020
Edición:1a edición, 6a reimpresión
Colección:(Minotauro Esenciales)
Temas:
Etiquetas: Agrega una etiqueta
Sin etiquetas, Sé el primero en etiquetar este registro!

MARC

LEADER 00000nam^a2200000^a^4500
001 000578273
005 20250521000000.0
009 20260310132506.152
020 |a 978-607-07-6921-4 
037 |a Acervo ITESO - Biblioteca 
041 |a ESP 
082 |a 813.  |b BRA 
100 |a Bradbury, Ray  |e (autor) 
240 1 4 |a [El hombre ilustrado] 
245 1 3 |a El hombre ilustrado /  |c R. Bradbury ; tr. por Francisco Abelenda. 
250 |a 1a edición, 6a reimpresión 
264 4 |a México :  |b Minotauro,  |c 2023, c2020 
300 |a 318 p. 
336 |a texto  |b txt  |2 rdacontenido 
337 |a sin mediación  |b n  |2 rdamedio 
338 |a volumen  |b nc  |2 rdasoporte 
440 1 |a (Minotauro Esenciales) 
500 |a Traducción de: The Illustrated Man 
521 |a FIL 2023 DIA 
545 0 |a Ray Douglas Bradbury (1920-2012) fue un escritor estadounidense de misterio del género fantástico, terror y ciencia ficción; también incursionó en el género policial y el relato costumbrista y realista. Se consideraba a sí mismo «un narrador de cuentos con propósitos morales». Escribió cuentos, novelas, guiones de televisión, poesía y ensayos. Su estilo es poético y a veces provocativo, propenso a las pesadillas y horribles fantasías, toma frecuentemente el racismo como tema central de sus relatos, así como la guerra atómica, la censura y la tecnología. Sus relatos también reflejan algunas de las ansiedades más características de la América de finales del siglo XX, como el deseo de una vida más sencilla y alejada del ajetreo de la modernidad o el miedo a lo ajeno, a lo extranjero y a la muerte. Entre sus obras se encuentran las más conocidas: Crónicas marcianas (1950), sobre la conquista de Marte, y su obra distópica Fahrenheit 451 (1953); también: Remedio para melancólicos (1960); Fantasmas de lo nuevo (1969); Cuentos de dinosaurios (1983); Cementerio para lunáticos (1990); Matemos todos a Constance (2004) y Ahora y siempre (2009). 
649 |a XX 
650 |a Seres Fantásticos en la Literatura 
650 |a Cuentos Fantásticos -  |z EUA 
650 |a Cuentos Norteamericanos 
650 |a Literatura de Ciencia-Ficción -  |z EUA 
650 |a Literatura Fantástica -  |z EUA 
650 |a Literatura Norteamericana -  |y Siglo XX 
910 |a Fondo General 
920 |a Impresos - Libros 
930 |a Colección General 
940 |a Literatura 
905 |a 101 
901 |a 0500403230  |b IT1  |c LIT  |i C184203  |u 20250521 
902 |a https://opac.biblio.iteso.mx/vufind/Record/000578273